00570nam a22001577a 4500003000400000005001700004008004100021020001500062050002300077082002800100100001700128245015200145260005500297300002100352650003900373OSt20140310181712.0121210t xxu||||| |||| 00| 0 eng d a9718927026 aDS 686b.R175 1995 aFIL 320.9599 bR14 1995 aRamos, Fidel aFrom growth to modernization : c Fidel V. Ramosbraising the political capacity and strengthening the social commitments of the Philippine state / aManila : bBy the Friends of Steady Eddie, c1995. a304 p. :c23 cm. aPhilippinesxGrowthxModernization